Elenca la formazione - Quiz n°238 - Statistics

Statistiche generali
  • Questo quiz è stato fatto 126 volte
  • Il punteggio medio è 8 su 11
Statistiche sulle risposte
Ruolo Club dell'epoca Calciatore % Corretto
Difensore Juventus Giorgio Chiellini
97%
Centrocampista Paris Saint-Germain Marco Verratti
94%
Difensore Juventus Andrea Barzagli
91%
Centrocampista Juventus Andrea Pirlo
89%
Mediano Roma Daniele De Rossi
88%
Portiere Paris Saint-Germain Salvatore Sirigu
85%
Centrocampista Juventus Claudio Marchisio
82%
Attaccante Milan Mario Balotelli
77%
Difensore Torino Matteo Darmian
55%
Centrocampista Laizo Antonio Candreva
36%
Difensore Parma Gabriel Paletta
30%
Nessun quiz corrispondente trovato
Distribuzione punteggi
Percentuale di utenti per punteggio
Percentile per numero di risposta
I tuoi punteggi nel tempo
Non hai fatto questo quiz